Factores asociados a la salud y el bienestar del adulto mayor: un estudio de casos en la provincia de Cienfuegos, Cuba /

Uloženo v:
Podrobná bibliografie
Hlavní autor: Casanova Rodríguez, Caridad Luisa
Médium: Text
Tagy: Přidat tag
Žádné tagy, Buďte první, kdo vytvoří štítek k tomuto záznamu!

MARC

LEADER 00000 a a2200000 04500
001 48627
003
040
100 |a Casanova Rodríguez, Caridad Luisa  
245 |a Factores asociados a la salud y el bienestar del adulto mayor:   |b un estudio de casos en la provincia de Cienfuegos, Cuba /  |c Caridad Luisa Casanova Rodríguez  
773 |g volumen39, número2, (2014), páginas 377-394 : tablas, gráficos, mapa  
999 |c 26718  |d 26718